000 00341nam a2200133Ia 4500
005 20260328104338.0
008 260328s9999||||xx |||||||||||||| ||und||
100 _aRestrepo, Fabio
245 0 _aCartografías de la identidad /
_cFabio Restrepo
260 _bUniversidad de los Andes
300 _a324 p.
650 _aTEORÍA
942 _cBK
999 _c11982
_d11982